Služební programy /

Korporativní autor: Tesla Eltos (firma)
Jazyk: Čeština
Vydáno: Praha : Státní nakladatelství technické literatury, 1985
Vydání: 1. vyd.
Edice: Operační systém CPM
Témata:
Fyzický popis: 110 s.
Knihy
Uloženo v:
LEADER 00938nam a22003132a 4500
001 000853613
003 CZ BrMZK
005 20070717142825.0
007 ta
008 070608s1985 xr er|||||||||||cze d
015 |a cnb000013106 
035 |a (OCoLC)39404749 
040 |a BOA001  |b cze 
080 9 |a 681.3.06 
245 0 0 |a Služební programy /  |c Jiří Nohel ... [et al.] 
250 |a 1. vyd. 
260 |a Praha :  |b Státní nakladatelství technické literatury,  |c 1985 
300 |a 110 s. 
490 1 |a Operační systém CPM 
504 |a Obsahuje bibliografii 
550 |a Vydavatel: Tesla Eltos 
710 2 |a Tesla Eltos (firma)  |7 ko2007227655 
830 0 |a Operační systém CPM 
910 |a BOA001  |b 2-0898.836 
964 |a Operační systém CPM-5 
964 |a Služební programy 
990 |a BK 
991 |b 200706 
996 6 |b 2619323525  |c 2-0898.836  |l MZK  |r Sklad / do 1 hodiny  |n 0  |w 000853613  |u 000010  |a 1  |e BOA001  |j MZK50  |s P